| 000 | 00736nam a2200205Ia 4500 | ||
|---|---|---|---|
| 003 | GCL | ||
| 008 | 140319s9999 xx 000 0 ara d | ||
| 040 |
_aGCL / _cGCL |
||
| 082 | 0 | 4 |
_a895.1 _bه س |
| 100 | 1 | _aانور المشرى (مترجم) | |
| 245 | 1 | 0 |
_aالسيدة: الفتاة النفسية, مسرحية صينية قديمة / _cانور المشرى (مترجم) |
| 700 | 1 | _aهسيونج, س0ا | |
| 700 | 1 | _aعبدالحليم البشلاوى | |
| 260 |
_a[S.N] : _bمكتبة مصر ، _c1981 |
||
| 300 | _a179 ص | ||
| 490 |
_aمكتبة الفنون الدرامية _v0 |
||
| 650 | 0 | 4 | _aالادب الصينى المترجم |
| 650 | 0 | 4 | _aالمسرحيات الصينية المترجمة |
| 942 |
_2ddc _cBK |
||
| 999 |
_c35012 _d35012 |
||